Destinos del Aeropuerto Int. Jorge Chávez (Lima) - Estadísticas

Estadísticas generales
  • Esta prueba ha sido intentada 44 veces
    6 desde el último reinicio
  • La puntuación promedio es 49 de 71
Estadísticas de respuestas
Aerolíneas Destino % Correcto
KLM Ámsterdam
100%
Delta AirlinesLATAM Airlines Atlanta
100%
AviancaLATAM Airlines Bogotá
100%
LATAM Airlines Brasilia
100%
Aerolíneas ArgentinasJetSMART
LATAM Airlines Sky Airline
Buenos Aires (AEP)
100%
LATAM AirlinesSky Airline Buenos Aires (EZE)
100%
LATAM AirlinesSky Airline Cancún
100%
AeroméxicoLATAM Airlines
Volaris
Ciudad de México
100%
Copa Airlines Ciudad de Panamá
100%
JetSMART LATAM Airlines Sky Airline Cuzco
100%
Boliviana de AviaciónLATAM Airlines La Paz
100%
LATAM Airlines Los Ángeles
100%
Air EuropaIberia
LATAM Airlines Plus Ultra Líneas Aéreas
Madrid
100%
JetSMART
LATAM Airlines
Medellín
100%
American AirlinesLATAM Airlines
Sky Airline
Miami
100%
LATAM Airlines Nueva York
100%
Air France París
100%
JetSMART
LATAM Airlines
Quito
100%
LATAM Airlines Río de Janeiro
100%
LATAM Airlines San José (CR)
100%
JetSMARTLATAM Airlines
Sky Airline
Santiago de Chile
100%
AraJet Santo Domingo
100%
LATAM Airlines Antofagasta
80%
JetSMARTLATAM Airlines Cartagena de Indias
80%
JetSMARTLATAM Airlines Star Perú Chiclayo
80%
United Airlines Houston
80%
LATAM Airlines La Habana
80%
LATAM Airlines Mendoza
80%
LATAM Airlines Montevideo
80%
Air CanadaAir Transat Montreal
80%
LATAM Airlines Oranjestad
80%
AraJetLATAM Airlines
Sky Airline
Punta Cana
80%
LATAM Airlines Rosario
80%
Avianca San Salvador
80%
LATAM Airlines Santa Cruz de la Sierra
80%
LATAM Airlines
Sky Airline
São Paulo
80%
Air CanadaAir Transat Toronto
80%
LATAM Airlines
Sky Airline
Trujillo
80%
LATAM AirlinesSky Airline Tumbes
80%
JetSMARTLATAM Airlines
Sky Airline
Arequipa
60%
LATAM Airlines Asunción
60%
JetSMARTLATAM Airlines Star Perú Cajamarca
60%
LATAM Airlines Córdoba
60%
LATAM Airlines Guayaquil
60%
LATAM Airlines Huaraz
60%
LATAM Airlines
Sky Airline
Star Perú
Iquitos
60%
LATAM AirlinesSky Airline Jauja
60%
LATAM AirlinesSky Airline Juliaca
60%
LATAM Airlines Orlando
60%
JetSMARTLATAM Airlines
Sky Airline
Piura
60%
LATAM Airlines Puerto Maldonado
60%
LATAM Airlines Salta
60%
LATAM AirlinesSky Airline Tacna
60%
JetSmartLATAM Airlines
Sky Airline
Star Perú
Tarapoto
60%
Spirit Airlines Fort Lauderdale
40%
Atsa AirlinesStar Perú Huánuco
40%
United Airlines Newark
40%
LATAM Airlines Porto Alegre
40%
LATAM AirlinesSky Airline Star Perú Pucallpa
40%
Flybondi Puerto Iguazú
40%
LATAM Airlines Talara
40%
LATAM AirlinesSky Airline Ayacucho
20%
Atsa Airlines Chachapoyas
20%
LATAM Airlines Curitiba
20%
LATAM Airlines Montego Bay
20%
Delta Airlines Salt Lake City
20%
LATAM Airlines San Miguel de Tucumán
20%
Atsa Airlines Tingo María
20%
LATAM Airlines Willemstad
20%
LATAM Airlines Florianópolis
0%
Atsa Airlines Mazamari-Satipo
0%
No se encontraron pruebas coincidentes
Distribución de puntuación
Porcentaje de gente con cada puntuación
Porcentaje por número respondido
Historial de tus puntuaciones
No has intentado esta prueba desde el último reinicio